The light that blinds us / Andy Darcy Theo.
Available copies
- 2 of 2 copies available at LARL/NWRL Consortium.
Current holds
0 current holds with 2 total copies.
Show Only Available Copies
| Location | Call Number / Copy Notes | Barcode | Shelving Location | Status | Due Date |
|---|---|---|---|---|---|
| Fertile Public Library | Y THE (Text) | 33500014350227 | New | Available | - |
| Fosston Public Library | Y THE (Text) | 33500014350235 | New | Available | - |
Record details
- ISBN: 9781665979061
- ISBN: 1665979062
- Physical Description: 431 pages : illustrations ; 22 cm.
- Edition: First Simon Pulse hardcover edition.
- Publisher: New York, New York : Simon Pulse, an imprint of Simon & Schuster Children's Publishing Division, 2026.
- Copyright: ©2024
Content descriptions
| Summary, etc.: | After a childhood haunted by visions of the Shadow ... Read More |
| Target Audience Note: | Ages 14 and Up Simon Pulse. |
Search for related items by subject
| Genre: | Fantasy fiction. Romance fiction. Novels. |
Search for related items by series
| LDR | 03643cam a2200721 i 4500 | ||
|---|---|---|---|
| 001 | 478469 | ||
| 003 | LARL_NWRL_CONSORTIUM | ||
| 005 | 20260320193801.0 | ||
| 008 | 250915t20262024nyu d 000 f eng | ||
| 010 | . | ‡a 2025021480 | |
| 040 | . | ‡aDLC ‡beng ‡erda ‡cDLC ‡dIG# ‡dOCLCO ‡dBDX ‡dCHILD ‡dJYX ‡dYDX ‡dJAS ‡dOCLCO ‡dYDX | |
| 019 | . | ‡a1523189645 ‡a1548314314 | |
| 020 | . | ‡a9781665979061 ‡qhardcover | |
| 020 | . | ‡a1665979062 ‡qhardcover | |
| 020 | . | ‡z9781665979085 ‡qelectronic book | |
| 035 | . | ‡a(OCoLC)1536366944 ‡z(OCoLC)1523189645 ‡z(OCoLC)1548314314 | |
| 042 | . | ‡apcc | |
| 082 | 0 | 4. | ‡a823/.92 ‡a[Fic] ‡223/eng/20260305 |
| 084 | . | ‡aYAF019000 ‡2bisacsh | |
| 084 | . | ‡aYAF052000 ‡2bisacsh | |
| 100 | 1 | . | ‡aTheo, Andy Darcy, ‡eauthor. ‡4aut ‡4http://id.loc.gov/vocabulary/relators/aut ‡1http://id.loc.gov/rwo/agents/n2025511871 |
| 245 | 1 | 4. | ‡aThe light that blinds us / ‡cAndy Darcy Theo. |
| 250 | . | ‡aFirst Simon Pulse hardcover edition. | |
| 264 | 1. | ‡aNew York, New York : ‡bSimon Pulse, an imprint of Simon & Schuster Children's Publishing Division, ‡c2026. | |
| 264 | 4. | ‡c©2024 | |
| 300 | . | ‡a431 pages : ‡billustrations ; ‡c22 cm. | |
| 334 | . | ‡asingle unit ‡bmono ‡0http://id.loc.gov/vocabulary/issuance/mono | |
| 336 | . | ‡atext ‡btxt ‡2rdacontent ‡0http://id.loc.gov/vocabulary/contentTypes/txt | |
| 337 | . | ‡aunmediated ‡bn ‡2rdamedia ‡0http://id.loc.gov/vocabulary/mediaTypes/n | |
| 338 | . | ‡avolume ‡bnc ‡2rdacarrier ‡0http://id.loc.gov/vocabulary/carriers/nc | |
| 385 | . | ‡mAge group ‡nage ‡aTeenagers ‡2lcdgt ‡0http://id.loc.gov/authorities/demographicTerms/dg2015060011 | |
| 490 | 0 | . | ‡aDescent into darkness ; ‡v1 |
| 520 | . | ‡aAfter a childhood haunted by visions of the Shadow Man, seventeen-year-old Alexis unites with three other Elementals on a trip to Stonehenge where they learn they are destined to save the world from an eternal night. | |
| 521 | . | ‡aAges 14 and Up ‡bSimon Pulse. | |
| 650 | 0. | ‡aAbility ‡vJuvenile fiction. | |
| 650 | 0. | ‡aLight and darkness ‡vJuvenile fiction. | |
| 650 | 0. | ‡aProphecies ‡vJuvenile fiction. | |
| 650 | 1. | ‡aAbility ‡vFiction. | |
| 650 | 1. | ‡aLight and darkness ‡vFiction. | |
| 650 | 1. | ‡aProphecies ‡vFiction. ‡0(LARL_NWRL_CONSORTIUM)174454 | |
| 650 | 1. | ‡aFantasy. ‡0(LARL_NWRL_CONSORTIUM)19981 | |
| 650 | 7. | ‡aYOUNG ADULT FICTION / Fantasy / General. ‡2bisacsh | |
| 650 | 7. | ‡aYOUNG ADULT FICTION / Romance / General. ‡2bisacsh | |
| 655 | 7. | ‡aFantasy fiction. ‡2lcgft | |
| 655 | 7. | ‡aRomance fiction. ‡2lcgft | |
| 655 | 7. | ‡aNovels. ‡2lcgft | |
| 758 | . | ‡1http://id.loc.gov/resources/instances/in00024324499 | |
| 758 | . | ‡4http://id.loc.gov/ontologies/bibframe/instanceOf ‡1http://id.loc.gov/resources/works/in00024324499 | |
| 776 | 0 | 8. | ‡iOnline version ‡4http://id.loc.gov/entities/relationships/onlineversion ‡aTheo, Andy Darcy ‡tLight that blinds us ‡bFirst Simon Pulse hardcover edition ‡dNew York : Simon Pulse, 2026 ‡z9781665979085 ‡w(DLC) 2025021481 |
| 884 | . | ‡aDLC bibframe2marc v3.0-dev ‡g20250915 ‡qDLC ‡uhttps://github.com/lcnetdev/bibframe2marc/tree/v3.0-dev | |
| 901 | . | ‡a478469 ‡bOCoLC ‡c478469 ‡tbiblio ‡soclc | |

Add to basket
Permalink
Disable Highlighting